| 000 | 02608cam a22004454i 4500 | ||
|---|---|---|---|
| 003 | PE-LiUPU | ||
| 005 | 20250731165423.0 | ||
| 008 | 160122s2015 pe a grm 000 0 spa d | ||
| 035 | _a(Sirsi) a155789 | ||
| 040 |
_aPE-LiUPU _bspa _cPE-LiUPU _erda |
||
| 099 |
_aSP 3 _bN49 2015 |
||
| 100 | 1 |
_aNewball Noriega, Edda Evnet _eautor |
|
| 245 | 1 |
_aCalidad de atención y adherencia terapéutica en usuarios de programa de hipertensión arterial, del Hospital San Jorge, Ayapel, Colombia, 2015 / _cEdda Evnet Newball Noriega. |
|
| 264 | 0 | _c2015. | |
| 300 |
_a88 hojas : _bilustraciones; _c30 cm |
||
| 336 |
_atext _2rdacontent |
||
| 337 |
_aunmediated _2rdamedia |
||
| 338 |
_avolume _2rdacarrier |
||
| 502 |
_aTesis _b(Mg.) -- _cUniversidad Peruana Unión, _d2015. |
||
| 504 | _aIncluye referencias | ||
| 520 | 3 | _aEl objetivo de este estudio fue determinar la relación de la calidad de atención y la adherencia terapéutica en usuarios del programa de hipertensión arterial del Hospital San Jorge de Ayapel. Se usó un diseño trasversal correlacional, usando el estadístico Tau b Kendall para una escala ordinal en una muestra de 130 usuarios del programa. Entre sus resultados, se determinó que no existe correlación significativa entre dichas variables, ni en sus dimensiones. Si existe relación significativa entre Empatía (dimensión de calidad) y factores relacionados con el paciente (dimensión de adherencia) y relación débil entre oportunidad y factores asociados al paciente. Finalmente, a partir de este estudio, el servicio local de salud pudo verificar que casi la mitad (40,0% de los usuarios del programa de hipertensión percibe el nivel de calidad de atención de malo a pésimo. Igualmente, con respecto a Adherencia terapéutica se verificó que casi la mitad (43,1%) presentó un nivel de adherencia terapéutica de bajo a crítico, cuyos aspectos importantes deben ser considerados por los gestores de salud en esta comunidad, a fin de mejorar la atención e incrementar y los índices de adherencia terapéutica. | |
| 526 | _aSEG44 | ||
| 526 | _aSEG26 | ||
| 526 | _aP151 | ||
| 526 | _aP150 | ||
| 526 | _aP149 | ||
| 526 | _aP146 | ||
| 526 | _aP145 | ||
| 526 | _aP126 | ||
| 526 | _aP125 | ||
| 526 | _aP92 | ||
| 526 | _aP75 | ||
| 526 | _aP74 | ||
| 526 | _aP27 | ||
| 526 | _aP15 | ||
| 650 | 0 | 4 |
_aCalidad de servicios _xAtenación de enfermería. |
| 596 | _a1 | ||
| 942 |
_2ddc _cTESIS |
||
| 999 |
_aSP 3 N49 2015 _wALPHANUM _c8462 _iT01883 _lCCODEBUL3 _mBUL _r1 _sY _tTESIS _u2016-1-22 _xPOSGRADO _PP82 _o.STAFF. Tesis _d8462 |
||
| 980 |
_81 _gALBERTO SANCHEZ Responsable de Automatización |
||